Secret Identities Quiz Stats

 Plays Quiz Updated Apr 4, 2014

Support Sporcle.
Go Orange.
Score 0/16 Timer 03:00
3 Plays Today
Secret Identity Superhero Name % Correct
Clark KentSuperman
99.5%
Bruce WayneBatman
98.8%
Peter ParkerSpider-Man
98.4%
Tony StarkIron Man
76.9%
Diana PrinceWonder Woman
69.2%
Dick GraysonNightwing
60.4%
Selina KyleCatwoman
57.3%
Hal JordanGreen Lantern
53.2%
Secret Identity Superhero Name % Correct
Steve RogersCaptain America
51%
Barry AllenThe Flash
49.7%
Jean GreyMarvel Girl
45.9%
Susan Storm RichardsInvisible Woman
45.2%
Matt MurdockDaredevil
42%
Oliver QueenGreen Arrow
33.6%
Arthur CurryAquaman
30.6%
Billy BatsonCaptain Marvel
20.9%

You're not logged in!

Compare scores with friends on all Sporcle quizzes.
OR
Log In
Forgot?

From the Vault

Three Word Lyrics, Three Word Song Titles

by JoeBeta

Music 5m
All good things come in threes.
Remove Ads.
Support Sporcle.
Get the best of Sporcle when you Go Orange. This ad-free experience offers more features, more stats, and more fun while also helping to support Sporcle. Thank you for becoming a member.

Show Comments

Extras

Top Quizzes Today


Score Distribution

Your Account Isn't Verified!

In order to create a playlist on Sporcle, you need to verify the email address you used during registration. Go to your Sporcle Settings to finish the process.

Report this User

Report this user for behavior that violates our Community Guidelines.

Details: